| 000 | 00745pam a2200229 a 4500 | ||
|---|---|---|---|
| 001 | 4397515 | ||
| 005 | 20180228050508.0 | ||
| 008 | 921028s1993 mdua b 001 0 eng | ||
| 010 | _a 92040513 | ||
| 020 | _a0801845920 (acidfree paper) | ||
| 040 |
_aDLC _cDLC _dDLC |
||
| 041 | _aeng | ||
| 080 | _a616.85/27 mar | ||
| 082 | 0 | 0 |
_a616.85/27 mar _220 |
| 100 | 1 | _a19 | |
| 101 | _apsi | ||
| 245 | 1 | 0 |
_aDepression : _cFrancis Mark Mondimore. |
| 504 | _aIncludes bibliographical references (p. [229]-230) and index. | ||
| 906 |
_a7 _bcbc _corignew _d1 _eocip _f19 _gy-gencatlg |
||
| 942 |
_2ddc _cBK |
||
| 999 |
_c43693 _d43693 |
||